National quality mounth 1991.
Tohoročný mesiac akosti v USA má celosvetové zameranie. Akcie pripravené veľkými firmami medzinárodného zamerania na čele s IBM. Satelitné televízne vysielania. Adresy regionálnych výborov poverených organizovaním akcie v jednotlivých častiach USA.
Salvato in:
| Natura: | Capitolo di libro |
|---|---|
| Lingua: | inglese |
| Soggetti: | |
| Tags: |
Nessun Tag, puoi essere il primo ad aggiungerne!!
|
MARC
| LEADER | 00000naa a2200000 4500 | ||
|---|---|---|---|
| 001 | r006279 | ||
| 005 | 20221213084428.7 | ||
| 041 | 0 | |a eng | |
| 044 | |a US | ||
| 245 | 1 | 0 | |a National quality mounth 1991. |
| 520 | |a Tohoročný mesiac akosti v USA má celosvetové zameranie. Akcie pripravené veľkými firmami medzinárodného zamerania na čele s IBM. Satelitné televízne vysielania. Adresy regionálnych výborov poverených organizovaním akcie v jednotlivých častiach USA. | ||
| 610 | 2 | 0 | |a kvalita |
| 610 | 2 | 0 | |a riadenie kvality |
| 610 | 2 | 0 | |a USA |
| 610 | 2 | 0 | |a IBM |